| 000 | 01047nam a22002537a 4500 | ||
|---|---|---|---|
| 005 | 20170124103101.0 | ||
| 010 | _aA-930448 | ||
| 020 | _c95.00 | ||
| 035 | _aA-930448 | ||
| 037 | _bCen Lib/Ret | ||
| 040 |
_aDPL _bHN |
||
| 082 |
_aक _bसिंहम |
||
| 100 |
_aसिंह, मधुकर _976771 |
||
| 245 |
_aश्रेष्ठ आंचलिक कहानियां / _cमधुकर सिंह |
||
| 246 |
_aShreshth aanchlik kahaniyan / _bby SMadhukar SIngh |
||
| 260 |
_aदिल्ली _bकादंबरी प्रकाशन _c2002 |
||
| 270 |
_a5451, शिव मार्किट, न्यू चन्द्रवल, जवाहर नगर _b दिल्ली _e110007 |
||
| 300 |
_a112पृ. _c19सेमी (सजिल्द) |
||
| 650 |
_a साहित्य--कथा _942948 |
||
| 650 |
_aहिंदी--कहानियां _92082 |
||
| 650 |
_a Literature--Fiction _976772 |
||
| 650 |
_aHindi-- Fiction _927248 |
||
| 942 |
_2ddc _cHN _hक _mसिंहम |
||
| 999 |
_c117779 _d117779 |
||